000 00734cab a2200253 4500
001 WB2915-71
008 090401t1993 xxu||||| |||| 00| 0 eng d
035 _a(Sirsi) u6296
041 _aeng
245 _aFarming prospects
260 _c1993
350 _a0
490 _aFinancial Times
_v6 April 1993, 14
520 _aAlthough farm incomes have looked rosy recently due to sterling`s devaluation, the outlook is not so good with concern for the future of subsidies for set-aside and falling land values.
650 _aEC LAW
650 _aFARM INCOMES
650 _aFARMLAND
650 _aFARMS
650 _aGREEN POUND
650 _aLAND PRICES
690 _aRURAL PRACTICE
942 _n0
948 _c04/03/1997
999 _c3790
_d3790